000 00323nas a2200145 a 4500
001 71431
003 145486
005 20201118110932.0
008 ||||||n9999 ||| || ||
245 0 _aHombre & Trabajo - Vol.9 No.6-5
260 _c1984.
562 _e0
773 _024569
_aHombre & Trabajo
942 _cSISS
999 _c71431
_d71431